|
|
|
|
| LEADER |
02010cas a2200277 a 4500 |
| 001 |
AALejournalIMF022321 |
| 008 |
230101c9999 xx r poo 0 0eng d |
| 020 |
|
|
|c 5.00 USD
|
| 020 |
|
|
|z 9798400200106
|
| 022 |
|
|
|a 1934-7685
|
| 040 |
|
|
|a BD-DhAAL
|c BD-DhAAL
|
| 110 |
2 |
|
|a International Monetary Fund.
|b Asia and Pacific Dept.
|
| 245 |
1 |
0 |
|a Solomon Islands :
|b 2021 Article IV Consultation-Press Release; Staff Report; and Statement by the Executive Director for Solomon Islands.
|
| 264 |
|
1 |
|a Washington, D.C. :
|b International Monetary Fund,
|c 2022.
|
| 300 |
|
|
|a 1 online resource (79 pages)
|
| 490 |
1 |
|
|a IMF Staff Country Reports
|
| 500 |
|
|
|a <strong>Off-Campus Access:</strong> No User ID or Password Required
|
| 500 |
|
|
|a <strong>On-Campus Access:</strong> No User ID or Password Required
|
| 506 |
|
|
|a Electronic access restricted to authorized BRAC University faculty, staff and students
|
| 520 |
3 |
|
|a Strong and timely containment measures have successfully prevented a domestic COVID-19 outbreak but have also weighed on economic activity and aggravated pre-existing socio-economic tensions. Following a contraction in 2020, growth is projected to recover gradually starting this year and to gain strength as containment measures are relaxed and borders re-opened. Elevated pandemic-related uncertainties as well as longstanding social, economic and governance challenges and vulnerability to natural disasters pose headwinds to inclusive growth. Despite strong external buffers, weaker fiscal position increases vulnerability to shocks, while the decline in logging weighs on fiscal revenues and growth prospects.
|
| 538 |
|
|
|a Mode of access: Internet
|
| 650 |
|
7 |
|a International Agreements and Observance
|2 imf
|
| 650 |
|
7 |
|a International Organizations
|2 imf
|
| 650 |
|
7 |
|a Monetary Policy
|2 imf
|
| 830 |
|
0 |
|a IMF Staff Country Reports; Country Report ;
|v No. 2022/014
|
| 856 |
4 |
0 |
|z Full text available on IMF
|u http://elibrary.imf.org/view/journals/002/2022/014/002.2022.issue-014-en.xml
|z IMF e-Library
|